Stanovení stupně ohrožení malých povodí větrnou a vodní erozí a odtoky z přívalových srážek

Gespeichert in:
Bibliographische Detailangaben
1. Verfasser: Doležal, Petr (Verfasst von)
Format: Manuskript Buch
Sprache:Tschechisch
Veröffentlicht: Brno : Vysoké učení technické v Brně, 2009
Tags: Tag hinzufügen
Keine Tags, Fügen Sie das erste Tag hinzu!

MARC

LEADER 00000ntm a22000003a 4500
001 stu242682
005 20150617230136.5
008 120201s2009----xr------------------cze-d
020 |a 978-80-214-3837-8 
040 |a STU  |b slo 
041 0 |a cze 
044 |a xr 
100 1 |a Doležal, Petr  |4 aut 
245 1 |a Stanovení stupně ohrožení malých povodí větrnou a vodní erozí a odtoky z přívalových srážek 
260 |a Brno :  |b Vysoké učení technické v Brně,  |c 2009 
300 |a 39 s 
996 |b 284V031709  |c V*9252/K-2338  |l VVT  |s A  |a 24  |w stu242682_0001